Design and detailing for toxic chemical reduction in buildings (Record no. 109805)
[ view plain ]
| 000 -LEADER | |
|---|---|
| fixed length control field | 01851cad a22002415a 4500 |
| 001 - CONTROL NUMBER | |
| control field | E147940 |
| 008 - FIXED-LENGTH DATA ELEMENTS--GENERAL INFORMATION | |
| fixed length control field | 090702s2008 xxka f 000 0 eng d |
| 035 ## - SYSTEM CONTROL NUMBER | |
| System control number | (Sirsi) u147940 |
| 041 0# - LANGUAGE CODE | |
| Language code of text/sound track or separate title | eng |
| 050 04 - LIBRARY OF CONGRESS CALL NUMBER | |
| Classification number | 690 $2 18 |
| 100 1# - MAIN ENTRY--PERSONAL NAME | |
| Personal name | Liddell, Howard |
| 245 00 - TITLE STATEMENT | |
| Title | Design and detailing for toxic chemical reduction in buildings |
| Remainder of title | SEDA desing guides for Scotland no. 3 |
| Medium | [electronic resource] |
| 260 ## - PUBLICATION, DISTRIBUTION, ETC. | |
| Place of publication, distribution, etc. | [Scotland] |
| Name of publisher, distributor, etc. | SEDA |
| Date of publication, distribution, etc. | 2008 |
| 505 2# - FORMATTED CONTENTS NOTE | |
| Formatted contents note | Introduction -- The context: aim of the guide; objectives; how to use this guide; target audience; justification; policies and regulation; key policies; the role of regulation; responsibilities and roles -- The issues: construction related chemical pollution; scientific uncertainty; indoor climate; the wider environment; materials; benefits of benign specification; increasing market share; the triple bottom line (environment, economy, community) -- Benign construction: design approach: plan of work; roles and responsibilities on site; life cycles; labelling and assessment; life cycle analysis; assessment schemes; ecolabels; culture shift -- Costs: general context; definitions; trade-offs and the lowest option; case studies; the secondary and tertiary benefits; summary and conclusions -- The details: steel frame and concrete block cavity wall; timber kit construction; steel frame construction; rehabilitation; precast concrete |
| 520 ## - SUMMARY, ETC. | |
| Summary, etc. | Offers guidance on the use of chemicals in the built environment and ways in which buildings can be designed to reduce toxic loads. |
| 521 ## - TARGET AUDIENCE NOTE | |
| Target audience note | Advanced |
| 651 #4 - SUBJECT ADDED ENTRY--GEOGRAPHIC NAME | |
| Geographic name | Scotland |
| Chronological subdivision | 1999- |
| 690 ## - LOCAL SUBJECT ADDED ENTRY--TOPICAL TERM (OCLC, RLIN) | |
| Topical term or geographic name as entry element | BUILT ENVIRONMENT-CONSTRUCTION DESIGN |
| 700 1# - ADDED ENTRY--PERSONAL NAME | |
| Personal name | Gilbert, John |
| 700 1# - ADDED ENTRY--PERSONAL NAME | |
| Personal name | Halliday, Sandy |
| 856 40 - ELECTRONIC LOCATION AND ACCESS | |
| Uniform Resource Identifier | <a href="https://www.seda.uk.net/toxic_chemical_reduction_in_buildings.html">https://www.seda.uk.net/toxic_chemical_reduction_in_buildings.html</a> |
| Public note | View the guidance free of charge at www.seda2.org... |
| 942 ## - ADDED ENTRY ELEMENTS (KOHA) | |
| Suppress in OPAC | 0 |
| Withdrawn status | Lost status | Source of classification or shelving scheme | Damaged status | Not for loan | Home library | Current library | Shelving location | Date acquired | Total Checkouts | Full call number | Barcode | Date last seen | Copy number | Price effective from | Koha item type |
|---|---|---|---|---|---|---|---|---|---|---|---|---|---|---|---|
| Dewey Decimal Classification | Virtual | Virtual | Online | 02/07/2009 | ONLINE PUBLICATION | 147940-2001 | 06/08/2019 | 1 | 06/08/2019 | Book |